• 首页
  • 本馆介绍
  • 公告通知
  • 最新文献
  • 馆藏检索
  • 电子资源
  • 读者导购
  • 参考咨询
  • 我的图书馆
  • 登录
  • 详细信息显示
  • 放入我的书架
  • 预约/预借图书
  • 作者相关作品
  • 分类相关作品
  • 丛书相关作品
  • 出版社相关作品

书目信息

  • 表格格式
  • 工作单格式
  • 卡片格式
题名:
伊拉克
    
 
作者: 朗里格 著 ;北京师范大学伊拉克翻译小组 译
分册: 下  
出版信息: 北京   人民出版社  1977
页数: 475-966页
开本: 20cm
丛书名:
单 册:
中图分类: K377.5 , K377
科图分类:
主题词: 现代史--伊拉克 , 西亚--历史
电子资源:
ISBN:
000 00817nam0 2200277 45
001 0177000410
005 20040512095304.7
010    @dCNY2.70
100    @a19951017d1977 em y0chiy0121 ea
101 1  @achi@ceng
102    @aCN@b110000
105    @ay z 000yy
106    @ar
200 10 @a伊拉克@h下@Ayi la ke@e1900-1950@f(英)H.朗里格著@g北京师范大学《伊拉克》翻译小组译
210    @a北京@c人民出版社@d1977
215    @a475-966页@d20cm
606    @a现代史@y伊拉克
606 0  @a西亚@x历史
607    @a伊拉克@x现代史
690    @aK377.5@v3
690    @aK377
701  1 @a朗里格@Alang li ge@bH.@4著
712 02 @a北京师范大学伊拉克翻译小组@Abei jing shi fan da xue yi la ke fan yi xiao zu@4译
801  0 @aCN@b广东省中山图书馆@c20040512
801  2 @aCN@bNLC@c20040512
905    @f1@b218747@dK377@e2:2
    
    伊拉克.下:1900-1950/(英)H.朗里格著/北京师范大学《伊拉克》翻译小组译.-北京:人民出版社,1977
    475-966页;20cm
    
    
    ISBN :CNY2.70
    
●
相关链接 在E读中查询图书 在五车中查询图书 在当当中查询图书 在豆瓣中查询图书


正题名:伊拉克     索取号:K377/2:2         预约/预借

序号 登录号 条形码 馆藏地/架位号 状态 备注
1 0218747   001396536   第二借阅区/ [索取号:K377/2:2] 在馆    
2 0218748   001396457   第二样本阅览室/ [索取号:K377/2:2] 在馆    
唐山师范学院图书馆 欢迎您!
大连网信软件有限公司© 版权所有